[Event "Budapest Vezerkepzo IM-C 04"]
[Site "Budapest"]
[Date "2023.05.01"]
[Round "6"]
[White "Takacs, Laszlo"]
[Black "To, Nhat Minh"]
[Result "0-1"]
[WhiteElo "2233"]
[BlackElo "2354"]
[PlyCount "114"]
[EventDate "2023.04.25"]
[EventType "tourn"]
[EventRounds "9"]
[EventCountry "HUN"]
[SourceTitle "CBM 214 Extra"]
[Source "ChessBase"]
[SourceDate "2023.07.31"]
[SourceVersion "1"]
[SourceVersionDate "2023.07.31"]
[SourceQuality "1"]

1. e4 e5 2. Nf3 Nc6 3. Bb5 Nf6 4. 0-0 Nxe4 5. d4 Nd6 6. Bxc6 dxc6 7. dxe5 Nf5 8. Qxd8+ Kxd8 9. b3 a5 10. Nc3 Be6 11. Ng5 Kc8 12. Nxe6 fxe6 13. Ne4 a4 14. Ng5 Bb4 15. Be3 Re8 16. g4 Nxe3 17. fxe3 Ra5 18. Nxh7 Rxe5 19. Rf7 Rxe3 20. Rd1 Bc5 21. Kf1 Rh3 22. Rxg7 Rxh2 23. Rdd7 Bd6 24. bxa4 Rxc2 25. Nf6 Rd8 26. Rxd8+ Kxd8 27. Rd7+ Kc8 28. Rh7 b5 29. axb5 cxb5 30. g5 Be5 31. Ng4 Bd4 32. g6 Rxa2 33. g7 Bxg7 34. Rxg7 b4 35. Ne5 b3 36. Nc4 b2 37. Nd2 Ra1+ 38. Ke2 Rh1 39. Rg8+ Kb7 40. Rg3 b1Q 41. Nxb1 Rxb1 42. Re3 Rb6 43. Kd2 Kc8 44. Kc3 Kd7 45. Kc4 Rc6+ 46. Kd4 Rd6+ 47. Kc5 Rd5+ 48. Kc4 Kc6 49. Rh3 Rc5+ 50. Kd4 Ra5 51. Rh8 e5+ 52. Kd3 Ra3+ 53. Kc4 Ra4+ 54. Kd3 Rd4+ 55. Kc3 Kd5 56. Rd8+ Kc5 57. Rc8 c6 0-1

[Event "Budapest Vezerkepzo IM-C 04"]
[Site "Budapest"]
[Date "2023.04.25"]
[Round "1"]
[White "Isha, Sharma"]
[Black "Takacs, Laszlo"]
[Result "0-1"]
[WhiteElo "2216"]
[BlackElo "2233"]
[PlyCount "92"]
[EventDate "2023.04.25"]
[EventType "tourn"]
[EventRounds "9"]
[EventCountry "HUN"]
[SourceTitle "CBM 214 Extra"]
[Source "ChessBase"]
[SourceDate "2023.07.31"]
[SourceVersion "1"]
[SourceVersionDate "2023.07.31"]
[SourceQuality "1"]

1. e4 e5 2. Nf3 Nc6 3. Bc4 Nf6 4. d3 Bc5 5. c3 d6 6. 0-0 0-0 7. b4 Bb6 8. a4 a6 9. a5 Ba7 10. Bg5 h6 11. Bh4 Be6 12. Nbd2 Ne7 13. Bxf6 gxf6 14. Nh4 Kh7 15. Qh5 Qd7 16. Qf3 Bg4 17. Qg3 Rg8 18. d4 Be2 19. Bxe2 Rxg3 20. hxg3 exd4 21. cxd4 Bxd4 22. Rac1 Rg8 23. Kh2 Kh8 24. Rc4 Ba7 25. Ndf3 f5 26. exf5 Nd5 27. Ng1 Nf6 28. Nh3 d5 29. Rc2 Qd6 30. Nf4 c6 31. Bh5 Rg7 32. Re2 Qxb4 33. Rfe1 Bxf2 34. Re8+ Nxe8 35. Rxe8+ Rg8 36. Bxf7 Bxg3+ 37. Kh3 Rxe8 38. Kxg3 Re3+ 39. Kg4 Kg7 40. Bg6 Re4 41. g3 Rxf4+ 42. gxf4 Qd2 43. Bh5 d4 44. Nf3 Qg2+ 45. Kh4 d3 46. Ne5 d2 0-1

[Event "SVK-chT2A 2122"]
[Site "Slovakia"]
[Date "2022.03.27"]
[Round "9.1"]
[White "Takacs, Laszlo"]
[Black "Michal, Silvio"]
[Result "1-0"]
[WhiteElo "2218"]
[BlackElo "2051"]
[PlyCount "49"]
[EventDate "2021.10.16"]
[EventType "team-tourn"]
[EventRounds "11"]
[EventCountry "SVK"]
[SourceTitle "EXT 2023"]
[Source "ChessBase"]
[SourceDate "2022.10.05"]
[SourceVersion "1"]
[SourceVersionDate "2022.10.05"]
[SourceQuality "1"]
[WhiteTeam "Dunajska Streda II"]
[BlackTeam "Pezinok"]
[WhiteTeamCountry "SVK"]
[BlackTeamCountry "SVK"]

1. e4 g6 2. d4 Bg7 3. Nc3 d6 4. Be3 c6 5. Qd2 b5 6. 0-0-0 Nd7 7. f3 Nb6 8. Bd3 a5 9. g4 Ba6 10. g5 b4 11. Nce2 Nc4 12. Bxc4 Bxc4 13. Kb1 h6 14. gxh6 Bxh6 15. Bxh6 Rxh6 16. Ng3 e6 17. N1e2 Bxe2 18. Qxe2 Qh4 19. d5 cxd5 20. exd5 e5 21. f4 Qxf4 22. Qb5+ Kf8 23. Qb7 Re8 24. Rhf1 Re7 25. Qb8+ 1-0

[Event "SVK-ch Amateurs"]
[Site "Topolcany"]
[Date "2021.08.07"]
[Round "3"]
[White "Takacs, Laszlo"]
[Black "Nadzamova, Viktoria"]
[Result "1-0"]
[WhiteElo "2166"]
[BlackElo "2038"]
[PlyCount "111"]
[EventDate "2021.08.06"]
[EventType "swiss"]
[EventRounds "7"]
[EventCountry "SVK"]
[SourceTitle "EXT 2022"]
[Source "ChessBase"]
[SourceDate "2021.10.06"]
[SourceVersion "1"]
[SourceVersionDate "2021.10.06"]
[SourceQuality "1"]

1. e4 c5 2. Nf3 e6 3. d4 cxd4 4. Nxd4 a6 5. Bd3 Nc6 6. Nxc6 bxc6 7. c4 d5 8. cxd5 cxd5 9. exd5 Bb4+ 10. Bd2 Bxd2+ 11. Nxd2 exd5 12. 0-0 Ne7 13. Qh5 h6 14. Rfe1 0-0 15. Re3 Qd6 16. Nb3 Nc6 17. Rd1 Be6 18. Rg3 Kh8 19. Re1 Rac8 20. Rg6 Qf4 21. Rg3 Nb4 22. Bb1 Nc2 23. Rd1 Rfe8 24. Qe2 Bf5 25. Qd2 Qe5 26. h3 Qxb2 27. Kh2 Re5 28. Rc1 Rce8 29. Rxc2 Qxb1 30. Rc1 Qe4 31. Nd4 Bg6 32. Ra3 Rg5 33. Nf3 Qe7 34. Rxa6 Rf5 35. Rac6 Bh5 36. Re1 Qd7 37. Rxe8+ Qxe8 38. Qc2 Qe4 39. Rc8+ Kh7 40. Nd4 Qf4+ 41. Kg1 Bg6 42. Nxf5 Bxf5 43. Qc7 Qg5 44. Rb8 Bxh3 45. Qg3 Qc1+ 46. Kh2 Be6 47. Qd3+ f5 48. Qg3 Qa1 49. Rb6 Bf7 50. Qf4 Bg6 51. Qd6 Bf7 52. Rb7 Bg8 53. a3 Qd4 54. Qg3 Be6 55. Rc7 f4 56. Qc3 1-0

[Event "SVK-chT 1920"]
[Site "Slovakia"]
[Date "2020.09.06"]
[Round "11.8"]
[White "Magat, Jozef"]
[Black "Takacs, Laszlo"]
[Result "1-0"]
[WhiteElo "2105"]
[BlackElo "2190"]
[PlyCount "101"]
[EventDate "2019.10.19"]
[EventType "team-tourn"]
[EventRounds "11"]
[EventCountry "SVK"]
[SourceTitle "EXT 2021"]
[Source "ChessBase"]
[SourceDate "2020.10.23"]
[SourceVersion "1"]
[SourceVersionDate "2020.10.23"]
[SourceQuality "1"]
[WhiteTeam "Dunajov Inbest"]
[BlackTeam "Dunajska Streda"]
[WhiteTeamCountry "SVK"]
[BlackTeamCountry "SVK"]

1. Nf3 d5 2. g3 Nf6 3. Bg2 c5 4. 0-0 Nc6 5. d4 cxd4 6. Nxd4 e5 7. Nxc6 bxc6 8. c4 Be6 9. Nc3 Qd7 10. Qa4 Rc8 11. cxd5 cxd5 12. Qxd7+ Kxd7 13. Rd1 Bd6 14. Nxd5 Nxd5 15. Bxd5 Bxd5 16. Rxd5 Ke6 17. Ra5 Bc5 18. Ra6+ Kf5 19. Bd2 Bd4 20. Bc3 Bxc3 21. bxc3 Rc7 22. Rc1 Rhc8 23. f3 Rxc3 24. Rxc3 Rxc3 25. Rxa7 Kg6 26. Kf2 h5 27. h4 Rc1 28. a4 Ra1 29. a5 Kf6 30. a6 g6 31. Ra8 Kg7 32. a7 f6 33. g4 Ra4 34. g5 fxg5 35. hxg5 Ra3 36. Re8 Rxa7 37. Rxe5 Kf7 38. Rb5 Ra2 39. Rb6 Ra5 40. f4 Ra4 41. Kf3 Ra1 42. Rf6+ Kg7 43. Rd6 Rf1+ 44. Ke4 h4 45. Rd7+ Kg8 46. e3 h3 47. Rd2 Rh1 48. Ke5 Re1 49. Kf6 Rxe3 50. Kxg6 Re6+ 51. Kf5 1-0

[Event "Skalica Masters op"]
[Site "Skalica"]
[Date "2020.08.24"]
[Round "2"]
[White "Takacs, Laszlo"]
[Black "Molenda, Marcin"]
[Result "0-1"]
[WhiteElo "2190"]
[BlackElo "2375"]
[PlyCount "110"]
[EventDate "2020.08.23"]
[EventType "swiss"]
[EventRounds "9"]
[EventCountry "SVK"]
[SourceTitle "CBM 198 Extra"]
[Source "ChessBase"]
[SourceDate "2020.11.30"]
[SourceVersion "1"]
[SourceVersionDate "2020.11.30"]
[SourceQuality "1"]

1. e4 c5 2. Nf3 e6 3. d4 cxd4 4. Nxd4 a6 5. Bd3 Nf6 6. Qe2 d6 7. 0-0 Qc7 8. c4 g6 9. Nc3 Bg7 10. Be3 0-0 11. Rac1 Nbd7 12. f4 b6 13. Kh1 Bb7 14. Bg1 Rfe8 15. b3 Rac8 16. Bb1 Qb8 17. Rfe1 Qa8 18. Nf3 Nc5 19. b4 Ncd7 20. Red1 Bh6 21. Ng5 d5 22. cxd5 exd5 23. Be3 dxe4 24. a3 Bg7 25. Ba2 Re7 26. Na4 Rxc1 27. Rxc1 h6 28. Nxf7 Rxf7 29. Bxf7+ Kxf7 30. Nxb6 Nxb6 31. Bxb6 Kg8 32. Bd4 Qd8 33. Qb2 Qe7 34. Be5 Nd5 35. Bxg7 Qxg7 36. Qxg7+ Kxg7 37. a4 e3 38. Kg1 Kf6 39. Rc4 Kf5 40. b5 axb5 41. axb5 Nxf4 42. Rc7 Nxg2 43. Re7 Kf6 44. Re8 Bf3 45. b6 Bc6 46. Rc8 Bf3 47. Re8 Kf7 48. Re5 Bc6 49. Kf1 Kf6 50. Rc5 Bf3 51. Rc2 Nf4 52. Rc3 Bg2+ 53. Ke1 Bb7 54. Kf1 Ba6+ 55. Kg1 Ne2+ 0-1

[Event "SVK-ch Amateur"]
[Site "Topolcany"]
[Date "2020.07.13"]
[Round "7"]
[White "Takacs, Laszlo"]
[Black "Wisniewski, Michal"]
[Result "1/2-1/2"]
[WhiteElo "2185"]
[BlackElo "2127"]
[PlyCount "96"]
[EventDate "2020.07.10"]
[EventType "swiss"]
[EventRounds "7"]
[EventCountry "SVK"]
[SourceTitle "EXT 2021"]
[Source "ChessBase"]
[SourceDate "2020.10.23"]
[SourceVersion "1"]
[SourceVersionDate "2020.10.23"]
[SourceQuality "1"]

1. e4 c5 2. Nf3 d6 3. d4 cxd4 4. Nxd4 Nf6 5. Nc3 a6 6. Be3 Ng4 7. Bg5 h6 8. Bh4 g5 9. Bg3 Bg7 10. Qd2 Nc6 11. Nb3 Be6 12. 0-0-0 Rc8 13. Kb1 Nb4 14. a3 Bxc3 15. bxc3 Nc6 16. f3 Nge5 17. h4 Rg8 18. hxg5 hxg5 19. Rh6 Na5 20. Bxe5 Nxb3 21. cxb3 Bxb3 22. Bd4 Bxd1 23. Qxd1 e5 24. Be3 Rxc3 25. Rxd6 Qc7 26. Bb6 Rc1+ 27. Qxc1 Qxd6 28. Ba5 Qd7 29. Bc4 Rg6 30. Qc3 f6 31. Qb3 Rh6 32. Bd5 Rh1+ 33. Kb2 Rh2 34. Qxb7 Rxg2+ 35. Kb3 Qxb7+ 36. Bxb7 Rf2 37. Bxa6 Rxf3+ 38. Kb4 g4 39. Bb5+ Ke7 40. Bb6 g3 41. a4 g2 42. a5 Rf1 43. a6 Rb1+ 44. Ka5 g1Q 45. Bxg1 Rxg1 46. a7 Rg8 47. Kb6 f5 48. exf5 e4 1/2-1/2

[Event "SVK-ch Amateur"]
[Site "Topolcany"]
[Date "2020.07.12"]
[Round "5"]
[White "Takacs, Laszlo"]
[Black "Kapusta, Petr"]
[Result "0-1"]
[WhiteElo "2185"]
[BlackElo "2120"]
[PlyCount "86"]
[EventDate "2020.07.10"]
[EventType "swiss"]
[EventRounds "7"]
[EventCountry "SVK"]
[SourceTitle "EXT 2021"]
[Source "ChessBase"]
[SourceDate "2020.10.23"]
[SourceVersion "1"]
[SourceVersionDate "2020.10.23"]
[SourceQuality "1"]

1. e4 c5 2. Nf3 d6 3. d4 cxd4 4. Qxd4 Nf6 5. Bb5+ Bd7 6. c4 Bxb5 7. cxb5 Nbd7 8. Nc3 g6 9. Be3 Bg7 10. Rc1 0-0 11. Qd3 Ng4 12. Bg5 Nc5 13. Qe2 h6 14. Bd2 Ne5 15. Nxe5 dxe5 16. Nd5 Ne6 17. 0-0 Nd4 18. Qd3 e6 19. Nc3 Qe7 20. Be3 Rac8 21. Ne2 Qb4 22. Bxd4 exd4 23. b3 e5 24. g3 Qa3 25. Rc2 Rxc2 26. Qxc2 Qd6 27. Qd3 f5 28. f3 h5 29. Qc4+ Kh7 30. Nc1 Qd7 31. Qe2 Bh6 32. a4 Be3+ 33. Kg2 Rc8 34. Nd3 Qe6 35. Rb1 Rc3 36. Rb2 Kh6 37. h3 g5 38. g4 fxe4 39. fxe4 Qg6 40. Nxe5 Qxe4+ 41. Nf3 hxg4 42. hxg4 Qxg4+ 43. Kh1 Qh3+ 0-1

[Event "SVK-ch Amateur"]
[Site "Topolcany"]
[Date "2020.07.10"]
[Round "2"]
[White "Podoba, Milan"]
[Black "Takacs, Laszlo"]
[Result "0-1"]
[WhiteElo "2027"]
[BlackElo "2185"]
[PlyCount "96"]
[EventDate "2020.07.10"]
[EventType "swiss"]
[EventRounds "7"]
[EventCountry "SVK"]
[SourceTitle "EXT 2021"]
[Source "ChessBase"]
[SourceDate "2020.10.23"]
[SourceVersion "1"]
[SourceVersionDate "2020.10.23"]
[SourceQuality "1"]

1. e4 c5 2. c3 d5 3. exd5 Qxd5 4. d4 Bf5 5. Nf3 e6 6. Be2 Nf6 7. 0-0 Be7 8. dxc5 Qxd1 9. Rxd1 Bxc5 10. Nd4 0-0 11. Be3 Bg4 12. f3 Bh5 13. Nd2 Nc6 14. N2b3 Bb6 15. Bf2 Nxd4 16. Bxd4 Bxd4+ 17. Rxd4 e5 18. Rd2 Rac8 19. Rad1 a6 20. Kf1 Rfe8 21. Na5 Rc7 22. Rd8 Kf8 23. Rxe8+ Kxe8 24. Nc4 Re7 25. Nd6+ Kf8 26. Nc8 Rd7 27. Rxd7 Nxd7 28. Nd6 b5 29. a4 bxa4 30. Bxa6 Nc5 31. Bb5 Bg6 32. Ne4 Bxe4 33. fxe4 h5 34. Ke2 g6 35. Bc6 Ke7 36. Ke3 f5 37. g3 Kf6 38. h4 f4+ 39. gxf4 exf4+ 40. Kd4 Ne6+ 41. Kd3 Ke5 42. Be8 g5 43. hxg5 h4 44. Ke2 Nxg5 45. Bxa4 f3+ 46. Kf2 Kf4 47. Bd7 Nxe4+ 48. Kf1 Ke3 0-1

[Event "SVK-chT1W 1920"]
[Site "Slovakia"]
[Date "2020.06.21"]
[Round "11.1"]
[White "Motuz, Karol"]
[Black "Takacs, Laszlo"]
[Result "1/2-1/2"]
[WhiteElo "2369"]
[BlackElo "2187"]
[PlyCount "61"]
[EventDate "2019.10.12"]
[EventType "team-tourn"]
[EventRounds "11"]
[EventCountry "SVK"]
[SourceTitle "EXT 2022"]
[Source "ChessBase"]
[SourceDate "2021.10.06"]
[SourceVersion "1"]
[SourceVersionDate "2021.10.06"]
[SourceQuality "1"]
[WhiteTeam "Povazska Bystrica"]
[BlackTeam "Orechova Poton"]
[WhiteTeamCountry "SVK"]
[BlackTeamCountry "SVK"]

1. d4 d5 2. c4 e6 3. Nf3 c5 4. cxd5 exd5 5. g3 Nc6 6. Bg2 Nf6 7. 0-0 Be7 8. dxc5 Bxc5 9. Qc2 Ne4 10. Nc3 Nb4 11. Qd1 0-0 12. Na4 Be7 13. Be3 Bf6 14. Bd4 Be6 15. Qb3 Qa5 16. Rfd1 Rac8 17. Nc3 Nc5 18. Bxc5 Qxc5 19. a3 d4 20. Qa4 dxc3 21. axb4 Qc4 22. bxc3 Bxc3 23. Rab1 Bf5 24. Rbc1 Qxe2 25. Qxa7 Bb2 26. Nd4 Rxc1 27. Rxc1 Qd3 28. Nxf5 Bxc1 29. Ne7+ Kh8 30. Qxb7 Bb2 31. Bf1 1/2-1/2

[Event "SVK-chT2A 1920"]
[Site "Slovakia"]
[Date "2020.03.07"]
[Round "10.1"]
[White "Takacs, Laszlo"]
[Black "Matejovic, Juraj"]
[Result "0-1"]
[WhiteElo "2208"]
[BlackElo "2216"]
[PlyCount "62"]
[EventDate "2019.10.26"]
[EventType "team-tourn"]
[EventRounds "11"]
[EventCountry "SVK"]
[SourceTitle "CBM 195 Extra"]
[Source "ChessBase"]
[SourceDate "2020.05.31"]
[SourceVersion "1"]
[SourceVersionDate "2020.05.31"]
[SourceQuality "1"]
[WhiteTeam "Senec"]
[BlackTeam "Gbely Nafta"]
[WhiteTeamCountry "SVK"]
[BlackTeamCountry "SVK"]

1. e4 c5 2. Nf3 e6 3. d4 cxd4 4. Nxd4 Nf6 5. Nc3 Nc6 6. Nxc6 bxc6 7. e5 Nd5 8. Ne4 Qc7 9. f4 Qb6 10. c4 Bb4+ 11. Ke2 f5 12. exf6 Nxf6 13. Nxf6+ gxf6 14. Qb3 d5 15. a3 Bc5 16. Qxb6 axb6 17. cxd5 exd5 18. Be3 Bg4+ 19. Kd2 Bxe3+ 20. Kxe3 Kd7 21. Bd3 Kd6 22. Rhe1 c5 23. f5 Rae8+ 24. Kf4 Bh5 25. Bb5 Re5 26. a4 Rg8 27. Rxe5 fxe5+ 28. Ke3 Rxg2 29. h4 d4+ 30. Ke4 Bf7 31. f6 Rg3 0-1

[Event "SVK-chT2A 1920"]
[Site "Slovakia"]
[Date "2020.02.16"]
[Round "9.1"]
[White "Takacs, Laszlo"]
[Black "Abel, Peter"]
[Result "1/2-1/2"]
[WhiteElo "2208"]
[BlackElo "2210"]
[PlyCount "49"]
[EventDate "2019.10.26"]
[EventType "team-tourn"]
[EventRounds "11"]
[EventCountry "SVK"]
[SourceTitle "CBM 195 Extra"]
[Source "ChessBase"]
[SourceDate "2020.05.31"]
[SourceVersion "1"]
[SourceVersionDate "2020.05.31"]
[SourceQuality "1"]
[WhiteTeam "Senec"]
[BlackTeam "Piestany Kupele"]
[WhiteTeamCountry "SVK"]
[BlackTeamCountry "SVK"]

1. e4 Nf6 2. e5 Nd5 3. d4 d6 4. Nf3 Bg4 5. Be2 e6 6. 0-0 Be7 7. c4 Nb6 8. b3 0-0 9. Bb2 Nc6 10. Nbd2 Bf5 11. a3 dxe5 12. dxe5 a5 13. Re1 Bc5 14. Bf1 Qe7 15. Ne4 Rfd8 16. Qc1 Nd4 17. Nxc5 Nxf3+ 18. gxf3 Qxc5 19. Qc3 Qe7 20. Rad1 a4 21. b4 Qg5+ 22. Kh1 Qh4 23. Kg1 Qg5+ 24. Kh1 Qh4 25. Kg1 1/2-1/2